[Event "Challenge"]
[Site "http://www.queenalice.com/game.php?id=1800646"]
[Date "2022.11.25"]
[Round "-"]
[White "Wilson"]
[Black "dejami"]
[Result "0-1"]
[WhiteElo "1497"]
[BlackElo "1581"]

1. d4 e6 2. e4 Nf6 3. Bd3 d6 4. Nf3 h6 5. O-O g5 6. h3 Nfd7 7. e5 d5 8. Nc3 f5
9. exf6 Nxf6 10. Ne5 Rg8 11. Bg6+ Rxg6 12. Nxg6 c6 13. Nxf8 Kxf8 14. Qf3 Kg8 15.
Qg3 Nh5 16. Qg4 Qe8 17. f4 e5 18. fxg5 Bxg4 19. hxg4 Ng3 20. Rf6 hxg5 21. Bxg5
Qd7 22. Rg6+ Kf7 23. Rf6+ Kg7 24. dxe5 Qxg4 25. Bh6+ Kh7 26. Bf4 Na6 27. e6 Re8
28. Rh6+ Kg7 29. Re1 Qxf4 30. Rh3 Nc5 31. e7 Kf6 32. Ne2 Nxe2+ 33. Rxe2 Qd4+ 34.
Rf2+ Kxe7 35. Rh7+ Kd8 36. Rf7 Re1+ 37. Kh2 Qh4# 0-1

[Event "Challenge"]
[Site "http://www.queenalice.com/game.php?id=1800647"]
[Date "2022.11.25"]
[Round "-"]
[White "dejami"]
[Black "Wilson"]
[Result "1-0"]
[WhiteElo "1614"]
[BlackElo "1477"]

1. e3 e5 2. c3 d5 3. Qa4+ Bd7 4. Qb3 Nf6 5. Qxb7 Nc6 6. Qb3 Rb8 7. Qd1 Bc5 8. h3
O-O 9. g4 e4 10. b4 Nxb4 11. cxb4 Bxb4 12. a3 Ba5 13. g5 Ne8 14. h4 f6 15. g6
hxg6 16. Nh3 f5 17. Nf4 Bc6 18. Ne6 Qe7 19. Nf4 Nf6 20. Nxg6 Qf7 21. h5 Rfe8 22.
a4 Ng4 23. Qc2 Re6 24. Na3 Bb7 25. Rb1 c6 26. Qc5 Bb6 27. Qc3 Bc8 28. a5 Bxa5
29. Qc5 Bb6 30. Qc3 d4 31. Qc2 d3 32. Qc3 a5 33. Qa1 Bd7 34. Nc4 Bc7 35. Rb2
Rxb2 36. Nxb2 c5 37. Nc4 a4 38. Nb2 Bb5 39. Nd1 c4 40. Nc3 Be8 41. Ba3 Qf6 42.
Bb2 Qg5 43. Nd5 Nf6 44. Nxc7 Rd6 45. Qa3 Rc6 46. Bxf6 gxf6 47. Qf8+ Kh7 48. Qh8#
1-0

[Event "Let's Play Chess!"]
[Site "http://www.queenalice.com/game.php?id=1804692"]
[Date "2023.1.29"]
[Round "-"]
[White "Wilson"]
[Black "Charles56"]
[Result "1-0"]
[WhiteElo "1442"]
[BlackElo "1561"]

1. d4 d5 2. e3 Nf6 3. Nf3 a6 4. Be2 Nc6 5. O-O h6 6. Nbd2 e6 7. c3 Bd6 8. a3 Ne4
9. Nxe4 dxe4 10. Nd2 f5 11. Bh5+ Kf8 12. b4 Bd7 13. Bb2 Qg5 14. c4 Be7 15. Be2
h5 16. f3 exf3 17. Nxf3 Qf6 18. Rb1 g5 19. d5 exd5 20. Bxf6 Bxf6 21. cxd5 Ne5
22. d6 Nxf3+ 23. Bxf3 c6 24. Bxh5 Rd8 25. a4 b5 26. Bg6 Rh6 27. Bxf5 Bxf5 28.
Rxf5 Kg7 29. axb5 axb5 30. Ra1 Bxa1 31. Qxa1+ Kg8 32. Rxg5+ Kf8 33. Qg7+ Ke8 34.
Qxh6 Kd7 35. Rg7+ Kc8 36. Rc7+ Kb8 37. Rxc6 Kb7 38. Rc7+ Kb6 39. Rc5 1-0

[Event "AUTO-OPEN-4420"]
[Site "http://www.queenalice.com/game.php?id=1804974"]
[Date "2023.1.29"]
[Round "1"]
[White "chessman"]
[Black "Wilson"]
[Result "1-0"]
[WhiteElo "1977"]
[BlackElo "1461"]

1. e4 e5 2. Nf3 d6 3. d4 Nf6 4. dxe5 Nxe4 5. exd6 cxd6 6. Bc4 Be7 7. Qd5 Be6 8.
Qxe4 d5 9. Bb5+ Nc6 10. Bxc6+ bxc6 11. Qa4 Bd7 12. Qb3 O-O 13. O-O a5 14. Qd3
Bc8 15. c4 Ba6 16. b3 Bf6 17. Nc3 Qd7 18. Bd2 a4 19. Rad1 Rab8 20. Nxa4 Be7 21.
Rfe1 h6 22. Bf4 Rbe8 23. Qc2 Bb4 24. Bd2 Rxe1+ 25. Rxe1 Bxd2 26. Qxd2 Qa7 27.
cxd5 Rd8 28. d6 Bc8 29. Nd4 Rxd6 30. Re8+ Kh7 31. Qc2+ g6 32. Rxc8 Rxd4 33. Rxc6
Qd7 34. g3 Rd1+ 35. Kg2 Qd5+ 36. Kh3 Qh5+ 37. Kg2 Qd5+ 38. Kh3 Rd2 39. Qc4 Qf5+
40. Qg4 Qd5 41. Rc5 Qd6 42. Qf3 Rd3 43. Qxf7+ Kh8 44. Rc8+ Qd8 45. Rxd8+ Rxd8
46. Qf6+ 1-0

[Event "AUTO-OPEN-4420"]
[Site "http://www.queenalice.com/game.php?id=1804975"]
[Date "2023.1.29"]
[Round "1"]
[White "Wilson"]
[Black "chessman"]
[Result "0-1"]
[WhiteElo "1463"]
[BlackElo "1941"]

1. d4 d5 2. c4 c6 3. Nf3 Nf6 4. e3 e6 5. a3 Be7 6. Be2 O-O 7. O-O Re8 8. Nbd2
Nbd7 9. b4 Nf8 10. Ng5 h6 11. Ngf3 Ng6 12. h3 a6 13. c5 Bf8 14. Qc2 e5 15. dxe5
Nxe5 16. Bb2 Nxf3+ 17. Nxf3 Ne4 18. Nh2 f5 19. Bh5 Re7 20. Nf3 Qc7 21. Be5 Rxe5
22. Nxe5 Qxe5 23. f4 Qf6 24. Rf3 Qxa1+ 25. Kh2 Qxa3 26. Bg6 Qxb4 27. Rf1 Qxc5
28. Qe2 b5 29. Rf3 a5 30. Qb2 Qd6 31. Bh5 a4 32. g4 fxg4 33. Bxg4 Bxg4 34. hxg4
a3 35. Qa1 a2 36. Kg2 b4 37. Rf1 b3 38. Qb2 Qa3 0-1

[Event "AUTO-OPEN-4420"]
[Site "http://www.queenalice.com/game.php?id=1804986"]
[Date "2023.1.29"]
[Round "1"]
[White "Wilson"]
[Black "darthvedder72"]
[Result "0-1"]
[WhiteElo "1511"]
[BlackElo "1778"]

1. d4 Nf6 2. e3 b6 3. Nf3 Bb7 4. Bd3 e6 5. O-O c5 6. c3 d5 7. Qa4+ Bc6 8. Bb5
Qc7 9. Ne5 Bxb5 10. Qxb5+ Nbd7 11. Nc6 a6 12. Qa4 b5 13. Qc2 Qxc6 14. Nd2 Be7
15. b4 cxb4 16. Bb2 Rc8 17. a4 bxc3 18. Ba3 cxd2 19. Qxd2 bxa4 20. Rfc1 Qa8 21.
Bxe7 Kxe7 22. Rxc8 Rxc8 23. Rxa4 Ne4 24. Qb4+ Nd6 25. h3 Rc4 26. Qa3 Rxa4 27.
Qxa4 a5 28. f3 Nb6 29. Qa3 a4 30. Kh2 Nc4 31. Qd3 a3 32. e4 dxe4 33. Qb3 exf3
34. gxf3 a2 0-1

[Event "AUTO-OPEN-4420"]
[Site "http://www.queenalice.com/game.php?id=1804987"]
[Date "2023.1.29"]
[Round "1"]
[White "darthvedder72"]
[Black "Wilson"]
[Result "0-1"]
[WhiteElo "2019"]
[BlackElo "1455"]

1. d4 d5 2. c4 e6 3. Nc3 Nf6 4. cxd5 exd5 5. Nf3 Be7 6. Bg5 Nbd7 7. e3 O-O 8.
Bd3 h6 9. Bh4 c6 10. O-O a6 11. Rc1 Bd6 12. a3 b5 13. Ne2 Qb6 14. b4 a5 15. Qb3
a4 16. Bg3 Bxg3 17. Nxg3 Bb7 18. Rc2 axb3 0-1

[Event "Challenge"]
[Site "http://www.queenalice.com/game.php?id=1809991"]
[Date "2023.4.16"]
[Round "-"]
[White "Wilson"]
[Black "dejami"]
[Result "0-1"]
[WhiteElo "1503"]
[BlackElo "1654"]

1. d4 e6 2. e4 d5 3. Nc3 Nf6 4. e5 Nfd7 5. Nf3 h6 6. Bd3 a6 7. O-O g5 8. h3 b5
9. a3 Nc6 10. Ne2 Ne7 11. Nxg5 hxg5 12. Ng3 Ng6 13. Nh5 Nf4 14. Nxf4 gxf4 15.
Bxf4 f6 16. Bg6+ Ke7 17. exf6+ Nxf6 18. Bg5 Rg8 19. Bh7 Rxg5 20. Qf3 Nxh7 21.
Qf4 Kd7 22. Rfe1 Qe7 23. a4 Rf5 24. Qg3 Nf6 25. axb5 Nh5 26. Qg4 Qf7 27. Rf1 Rf4
28. Qe2 a5 29. c3 Ke7 30. b6 c6 31. b4 Ba6 32. b5 Bxb5 33. c4 Bxc4 34. Qe3 Bh6
35. b7 Rb8 36. Rfe1 Qf6 37. Rab1 Re4 38. Qa3+ Kd7 39. Rxe4 dxe4 40. Qc3 Bd5 41.
Qxa5 e3 42. f3 Qg6 43. Qa4 Bxf3 44. Rb2 e2 45. Qa1 Qxg2# 0-1

[Event "Challenge"]
[Site "http://www.queenalice.com/game.php?id=1809992"]
[Date "2023.4.16"]
[Round "-"]
[White "dejami"]
[Black "Wilson"]
[Result "1-0"]
[WhiteElo "1689"]
[BlackElo "1511"]

1. e4 e5 2. Bc4 Nf6 3. h3 Bc5 4. Qf3 O-O 5. g4 Nc6 6. c3 Na5 7. Bb3 Nxb3 8. axb3
b6 9. b4 Bd6 10. d3 c5 11. b5 a6 12. g5 Be7 13. gxf6 Bxf6 14. Qg3 Bh4 15. Qg2 d6
16. Bh6 Bf6 17. Nf3 d5 18. Rg1 dxe4 19. dxe4 Qd3 20. Na3 Qxe4+ 21. Kf1 axb5 22.
Bxg7 Qg6 23. Bxf6 Bf5 24. Nxe5 Qxg2+ 25. Rxg2+ Bg6 26. f4 b4 27. Nc2 Rad8 28.
Nc6 Rd6 29. Ne7# 1-0

[Event "AUTO-OPEN-4441"]
[Site "http://www.queenalice.com/game.php?id=1810649"]
[Date "2023.4.24"]
[Round "1"]
[White "TammieM3ENF"]
[Black "Wilson"]
[Result "0-1"]
[WhiteElo "1225"]
[BlackElo "1506"]

1. d4 d5 2. e3 Nf6 3. e4 Nxe4 4. f3 Nf6 5. f4 e6 6. Nf3 Bd6 7. c3 O-O 8. c4 c6
9. cxd5 Qa5+ 10. Bd2 Bb4 11. a3 Bxd2+ 12. Nbxd2 Qxd5 13. b4 Ne4 14. a4 Nc3 15.
Qc1 Ne4 16. g3 Nd7 17. b5 Nb6 18. h4 Nxg3 19. Rg1 Nxf1 20. Kxf1 Qh5 21. bxc6
bxc6 22. Qxc6 Bd7 23. Qc2 Nd5 24. a5 Ne3+ 25. Ke1 Nxc2+ 26. Kd1 Nxa1 27. Ke2
Bb5+ 28. Ke3 Nc2+ 29. Kf2 Nxd4 30. Nxd4 Qc5 31. Rg4 Qxd4+ 32. Kg2 Qxd2+ 33. Kg3
Be2 34. h5 Bxg4 35. Kxg4 Qg2+ 36. Kh4 Qf2+ 37. Kg5 Qg3# 0-1

[Event "AUTO-OPEN-4441"]
[Site "http://www.queenalice.com/game.php?id=1810650"]
[Date "2023.4.24"]
[Round "1"]
[White "Wilson"]
[Black "TammieM3ENF"]
[Result "1-0"]
[WhiteElo "1505"]
[BlackElo "1267"]

1. d4 e5 2. c3 d5 3. e3 exd4 4. cxd4 Bf5 5. Nc3 b6 6. Nf3 a5 7. Bb5+ c6 8. Be2
b5 9. O-O c5 10. Bxb5+ Nd7 11. Ne5 Rb8 12. a4 cxd4 13. Qxd4 Bc5 14. Qxc5 f6 15.
Bxd7+ Qxd7 16. Nxd7 Bxd7 17. Nxd5 g5 18. Qxa5 Nh6 19. Nc7+ Kf8 20. b3 Nf7 21.
Ba3+ Kg8 22. Qa7 h5 23. Qxb8+ Kh7 24. Bf8 f5 25. Rad1 Bc6 26. Ne6 Rxf8 27. Qxf8
Kg6 28. Qg7# 1-0

[Event "AUTO-OPEN-4441"]
[Site "http://www.queenalice.com/game.php?id=1810671"]
[Date "2023.4.24"]
[Round "1"]
[White "bdpq"]
[Black "Wilson"]
[Result "1-0"]
[WhiteElo "1572"]
[BlackElo "1517"]

1. e4 e5 2. d4 Nf6 3. dxe5 Nxe4 4. Bd3 Nc5 5. Be3 d5 6. Nf3 Bg4 7. Be2 Be7 8. b4
Ne6 9. O-O O-O 10. a3 b6 11. c4 d4 12. Bc1 a5 13. bxa5 Rxa5 14. Bd3 Rxe5 15. h3
Bh5 16. Be2 Rc5 17. Bb2 Nc6 18. Nbd2 Bf6 19. Qa4 d3 20. Bxf6 Qxf6 21. Ne4 Qf5
22. Nh4 Qxe4 23. Bxh5 Qxh4 24. Bg4 f5 25. Bf3 Rxc4 26. Qb3 Na5 27. Qxd3 Qg5 28.
Bd5 Rc5 29. Bxe6+ Kh8 30. Bd7 Rd8 31. Rfd1 f4 32. Qf3 c6 33. Rac1 Rxc1 34. Rxc1
Rxd7 35. Qe2 Rd8 36. Re1 h6 37. f3 Nb3 38. Qc4 Nc5 39. Qf7 Nd3 40. Rb1 Qg3 41.
Qc7 Re8 42. Qxc6 Qf2+ 43. Kh2 Qg3+ 44. Kg1 Ne1 45. Qxe8+ Kh7 46. Rxe1 Qg5 47.
Re5 Qf6 48. Rd5 Qa1+ 49. Kh2 Qf6 50. Qe4+ Qg6 51. Qxg6+ Kxg6 52. Rd6+ 1-0

[Event "AUTO-OPEN-4441"]
[Site "http://www.queenalice.com/game.php?id=1810672"]
[Date "2023.4.24"]
[Round "1"]
[White "Wilson"]
[Black "bdpq"]
[Result "1-0"]
[WhiteElo "1485"]
[BlackElo "1595"]

1. d4 d5 2. e3 e6 3. Nf3 Bb4+ 4. c3 Bd6 5. Bd3 Nf6 6. O-O O-O 7. Nbd2 Nc6 8. e4
dxe4 9. Nxe4 b6 10. Nfg5 Nxe4 11. Nxe4 Bb7 12. Nxd6 Qxd6 13. Qh5 h6 14. Bxh6 e5
15. Bxg7 f6 16. Qh7+ Kf7 17. Bxf8+ Ke6 18. Bf5+ Kd5 19. Qg8+ 1-0

[Event "AUTO-OPEN-4441"]
[Site "http://www.queenalice.com/game.php?id=1810683"]
[Date "2023.4.24"]
[Round "1"]
[White "Clemente09"]
[Black "Wilson"]
[Result "0-1"]
[WhiteElo "1290"]
[BlackElo "1502"]

1. e4 e5 2. d4 Nf6 3. Bg5 Be7 4. dxe5 Nxe4 5. Bxe7 Qxe7 6. Nf3 Nc6 7. Qd3 Qb4+
8. Nbd2 Nxd2 9. Nxd2 Qxb2 10. Nb3 O-O 11. c3 Nxe5 12. Qd4 Nc6 13. Qd3 Re8+ 14.
Be2 Ne5 15. Qe3 d6 16. O-O Bf5 17. Qd4 Nc6 18. Qf4 g6 19. Bf3 Qxc3 20. Rfc1 Qf6
21. a4 a6 22. Ra2 Rac8 23. Bxc6 bxc6 24. Nd4 Re4 25. Qf3 Rxd4 26. Qxc6 a5 27.
Qb7 Qe6 28. Qa7 c5 29. Qxa5 Qxa2 0-1

[Event "AUTO-OPEN-4441"]
[Site "http://www.queenalice.com/game.php?id=1810684"]
[Date "2023.4.24"]
[Round "1"]
[White "Wilson"]
[Black "Clemente09"]
[Result "1-0"]
[WhiteElo "1510"]
[BlackElo "1282"]

1. d4 d5 2. e3 Nf6 3. Nf3 Nc6 4. Be2 Bg4 5. Nbd2 h5 6. h3 Bxf3 7. Nxf3 g6 8. O-O
h4 9. Ng5 Bh6 10. Nxf7 Kxf7 11. c4 e6 12. Bf3 dxc4 13. Qa4 e5 14. Qxc4+ Ke8 15.
Bxc6+ bxc6 16. Qxc6+ Nd7 17. Qxg6+ Ke7 18. d5 Nf8 19. Qe4 Bg7 20. b3 Kd7 21.
Qf5+ Ke8 22. e4 Qe7 23. a4 Kd8 24. Ba3 Qe8 25. Rac1 Rh5 26. Qf3 Nd7 27. d6 cxd6
28. Bxd6 Bh6 29. Rc7 Qe6 30. Rd1 1-0

[Event "AUTO-OPEN-4441"]
[Site "http://www.queenalice.com/game.php?id=1818155"]
[Date "2023.8.5"]
[Round "2"]
[White "Amag"]
[Black "Wilson"]
[Result "1-0"]
[WhiteElo "2042"]
[BlackElo "1491"]

1. e4 e5 2. d3 Nf6 3. f4 Bd6 4. fxe5 Bxe5 5. Nf3 Bd6 6. e5 Bc5 7. exf6 Qxf6 8.
d4 Be7 9. Qe2 O-O 10. Bg5 Qg6 11. Qxe7 Nc6 12. Qc5 d6 13. Qc3 Re8+ 14. Be3 Bg4
15. Be2 Ne7 16. Bd3 Nf5 17. Bxf5 Qxf5 18. Rf1 Bxf3 19. Rxf3 Qg4 20. Rg3 Qe4 21.
Nd2 Qf5 22. d5 g6 23. O-O-O Rac8 24. Bh6 Re5 25. Rf1 Qh5 26. Rh3 Qg4 27. Rg3 Qe2
28. Rd1 Rce8 29. Re3 Qh5 30. Bf4 Rxe3 31. Bxe3 c5 32. Nf3 b5 33. g4 Qxg4 34. Bh6
f6 35. Qxf6 Qd7 36. Re1 Qf7 37. Rxe8+ 1-0

[Event "AUTO-OPEN-4441"]
[Site "http://www.queenalice.com/game.php?id=1818156"]
[Date "2023.8.5"]
[Round "2"]
[White "Wilson"]
[Black "Amag"]
[Result "0-1"]
[WhiteElo "1493"]
[BlackElo "2040"]

1. d4 Nf6 2. e3 d5 3. Nf3 e6 4. Be2 c5 5. c3 c4 6. O-O Bd6 7. Ng5 Qc7 8. f4 h6
9. Bh5 hxg5 10. Bxf7+ Qxf7 11. h3 gxf4 12. exf4 Qg6 13. Nd2 Rxh3 14. Qe2 Qg3 15.
Nf3 Ne4 16. Be3 Nd7 17. Bf2 Qg4 18. a4 Bxf4 19. Rae1 Ndf6 20. Rd1 Bd7 21. Rfe1
Nxf2 22. Qxf2 Rxf3 23. Qxf3 Qxf3 24. gxf3 Rc8 25. Kf2 Bxa4 26. Rxe6+ Kf7 27.
Rde1 Ne4+ 28. fxe4 Kxe6 29. Kf3 Rf8 30. exd5+ Kxd5 31. Rg1 Bh2+ 32. Kg2 Bxg1 33.
Kxg1 Rf3 34. Kg2 Rd3 0-1

[Event "AUTO-INT-3855"]
[Site "http://www.queenalice.com/game.php?id=1826437"]
[Date "2023.12.3"]
[Round "1"]
[White "Wilson"]
[Black "Castling"]
[Result "1-0"]
[WhiteElo "1512"]
[BlackElo "1622"]

1. d4 d5 2. e3 a6 3. c4 e6 4. a3 Nf6 5. Nf3 Nc6 6. c5 h6 7. Nc3 Be7 8. Bd3 O-O
9. O-O Bd7 10. e4 dxe4 11. Nxe4 Re8 12. b4 Nxe4 13. Bxe4 Bf6 14. Bb2 Ne7 15. Rc1
Bb5 16. Re1 Nd5 17. a4 Bd7 18. Ne5 Nxb4 19. Qh5 Bxe5 20. dxe5 Bc6 21. Rc4 Bxe4
22. Rcxe4 Nd3 23. Rd1 Qg5 24. Qxg5 hxg5 25. Rxd3 Rad8 26. Rdd4 b6 27. cxb6 cxb6
28. Rd6 Rxd6 29. exd6 Rd8 30. Ba3 b5 31. axb5 axb5 32. Bc5 Rc8 33. Re5 b4 34.
Kf1 b3 35. d7 Rd8 36. Ba3 Rxd7 37. Rxg5 Rd2 38. Rb5 Rd3 39. Ke2 Rc3 40. Kd2 Rc2+
41. Kd1 Rxf2 42. Rxb3 Rxg2 43. h3 g5 44. Be7 g4 45. h4 Rh2 46. Rg3 f5 47. Bg5
Kf7 48. Bd8 Kg6 49. Bg5 e5 50. Ke1 Kh5 51. Re3 e4 52. Bf6 Kg6 53. Bg5 Kh5 54.
Bf6 Ra2 55. Kd1 Rg2 56. Ke1 f4 57. Rxe4 f3 58. Re5+ Kg6 59. Bg5 g3 60. Re6+ Kh5
61. Rh6+ Kg4 62. Be3 f2+ 63. Bxf2 Rxf2 64. h5 Kh3 65. Rg6 Ra2 66. h6 g2 67. h7
Ra1+ 68. Kf2 Rf1+ 69. Ke2 Rf8 70. Rg8 g1=N+ 71. Ke3 Rf3+ 72. Ke4 Rg3 73. Rxg3+
Kxg3 74. h8=Q Ne2 75. Qg7+ Kf2 76. Qf7+ Ke1 77. Ke3 Kd1 78. Qf1+ 1-0

[Event "AUTO-INT-3855"]
[Site "http://www.queenalice.com/game.php?id=1826438"]
[Date "2023.12.3"]
[Round "1"]
[White "Castling"]
[Black "Wilson"]
[Result "1-0"]
[WhiteElo "1612"]
[BlackElo "1500"]

1. e4 e5 2. Bc4 Nf6 3. d3 Bc5 4. h3 O-O 5. Nf3 d6 6. Nc3 c6 7. Bg5 Nbd7 8. a3 b5
9. Ba2 h6 10. Bh4 Re8 11. Qd2 d5 12. O-O-O d4 13. Ne2 a5 14. Kb1 b4 15. a4 Nb6
16. Bb3 Be6 17. Bxe6 Rxe6 18. b3 Be7 19. Bg3 c5 20. Nxe5 Nh5 21. Bh2 Nd5 22.
exd5 Qxd5 23. g4 Rf6 24. gxh5 Rxf2 25. Nc4 Bg5 26. Nf4 Rxd2 27. Nxd5 Rxd1+ 28.
Rxd1 Re8 29. Bf4 Bxf4 30. Rf1 Bg5 31. Kb2 Ra8 32. Nd6 Ra7 33. Nf5 Rd7 34. Nb6
Rc7 35. Nc4 Ra7 36. Nfd6 f6 37. Ne4 Bh4 38. Nxc5 Bg5 39. Ne6 Bh4 40. Nxd4 Ra6
41. Rf4 Bg3 42. Rg4 Be1 43. Nf5 Kf7 44. Rxg7+ Kf8 45. Ncd6 Bc3+ 46. Kb1 Be5 47.
Nf7 Bf4 48. Rh7 Bd2 49. N7xh6 Re6 50. Rh8# 1-0

[Event "AUTO-INT-3855"]
[Site "http://www.queenalice.com/game.php?id=1826439"]
[Date "2023.12.3"]
[Round "1"]
[White "Wilson"]
[Black "NickThorp"]
[Result "1-0"]
[WhiteElo "1494"]
[BlackElo "1531"]

1. d4 d5 2. e3 Nf6 3. Nf3 Bg4 4. Be2 e6 5. a3 Nc6 6. h3 Bh5 7. O-O Bd6 8. Nbd2
Ne4 9. Nxe4 dxe4 10. Nd2 Bxe2 11. Qxe2 O-O 12. c4 b6 13. b4 a5 14. b5 Ne7 15.
Nxe4 Nf5 16. Bb2 h6 17. Nxd6 Qxd6 18. Qg4 Rad8 19. c5 bxc5 20. Rad1 c6 21. dxc5
Qxc5 22. Rc1 Qxb5 23. Bf6 Rd5 24. e4 Rc5 25. Rcd1 g6 26. exf5 exf5 27. Qh4 h5
28. Qg5 Kh7 29. g4 fxg4 30. Qh4 Rd5 31. Rde1 Rf5 32. Be7 Rg8 33. Bf6 Qd5 34.
hxg4 Rf4 35. Re5 Qf3 36. Rxh5+ gxh5 37. Qxh5# 1-0

[Event "AUTO-INT-3855"]
[Site "http://www.queenalice.com/game.php?id=1826440"]
[Date "2023.12.3"]
[Round "1"]
[White "NickThorp"]
[Black "Wilson"]
[Result "0-1"]
[WhiteElo "1679"]
[BlackElo "1488"]

1. e4 e5 2. Nf3 d6 3. Bb5+ c6 4. Ba4 b5 5. Bb3 Nf6 6. d3 Be7 7. h3 O-O 8. Nc3
Ba6 9. Bg5 Nbd7 10. O-O h6 11. Bh4 Nc5 12. Qd2 Nxb3 13. axb3 Bb7 14. b4 a6 15.
Qe3 Qc7 16. Ra3 d5 17. exd5 cxd5 18. d4 e4 19. Ne5 Rfd8 20. f3 Bd6 21. Bg3 Bxb4
22. Rb3 a5 23. Nxb5 Qxc2 24. Nd6 Ba6 25. Rc1 Qd2 26. Qxd2 Bxd2 27. Rc6 e3 28.
Be1 Bxe1 29. Rxe3 Bd2 30. Ra3 Bb4 31. Ndxf7 Rdb8 32. Rb3 Bb5 33. Rc1 Kh7 34. Nd6
Ba4 35. Rxb4 Rxb4 36. Nd3 Rxd4 37. Nf2 Rd2 38. Nf5 Rb8 39. Rc5 Rbxb2 40. Rxa5
Bb5 41. Nd6 Rb1+ 42. Kh2 Rxf2 43. Nxb5 Rbb2 44. Kg3 Rxg2+ 45. Kf4 Rb4+ 46. Ke3
Rg3 47. Nd4 Rxh3 48. Ra3 Ne4 49. Nc2 d4+ 50. Nxd4 Ng5 51. Rd3 Rb1 52. Kf4 Rb4
53. Kg4 Rh1 54. Kf4 Nh3+ 55. Kf5 Nf2 56. Re3 Rxd4 57. Re2 Rh5+ 58. Ke6 Nd3 59.
Re3 Nc5+ 60. Ke7 Rd7+ 61. Ke8 Rf5 62. Rc3 Rc7 63. Kd8 Rff7 64. Re3 Ra7 65. Ke8
Rfc7 66. Kd8 Rd7+ 67. Kc8 Ra8# 0-1

[Event "AUTO-INT-3855"]
[Site "http://www.queenalice.com/game.php?id=1826441"]
[Date "2023.12.3"]
[Round "1"]
[White "Wilson"]
[Black "poeleabois"]
[Result "0-1"]
[WhiteElo "1511"]
[BlackElo "1645"]

1. d4 d5 2. e3 e6 3. Nc3 Nf6 4. a3 Bd6 5. Nf3 O-O 6. Be2 Nc6 7. O-O h6 8. Nb5 a6
9. Nxd6 Qxd6 10. b4 Ne4 11. Bb2 f5 12. c4 dxc4 13. Bxc4 b5 14. Bd3 Ng5 15. Nh4
Rf6 16. Qh5 Bd7 17. Rac1 Be8 18. Qe2 Kh7 19. f4 Ne4 20. d5 exd5 21. Bxf6 Qxf6
22. Nf3 Bh5 23. Qc2 Ne7 24. Nd4 Rc8 25. a4 g5 26. axb5 axb5 27. Nxb5 gxf4 28.
exf4 c6 29. Na7 Rc7 30. Nb5 Rc8 31. Na7 Rg8 32. g3 Nxg3 33. Rf2 Ne2+ 34. Kh1
Nxc1 35. Qxc1 Qd4 36. Qd2 Qa1+ 37. Bf1 Qxa7 38. Qe1 d4 39. Qe6 Rg6 40. Qe5 d3
41. Qe1 Nd5 42. Bh3 Bg4 43. Qf1 Bxh3 44. Qe1 Ne3 45. Qd2 Qa1+ 0-1

[Event "AUTO-INT-3855"]
[Site "http://www.queenalice.com/game.php?id=1826442"]
[Date "2023.12.3"]
[Round "1"]
[White "poeleabois"]
[Black "Wilson"]
[Result "1/2-1/2"]
[WhiteElo "1613"]
[BlackElo "1489"]

1. e4 e5 2. Nf3 d6 3. d3 Nf6 4. h3 Nc6 5. Nc3 Be7 6. Be2 O-O 7. O-O a6 8. Be3 b6
9. a3 d5 10. Bg5 d4 11. Bxf6 Bxf6 12. Nd5 b5 13. b4 a5 14. bxa5 Nxa5 15. Nd2 c6
16. Nxf6+ Qxf6 17. g4 h6 18. f3 Qf4 19. Kg2 h5 20. Nb3 h4 21. Qe1 Nb7 22. Qxh4
Nd8 23. Qg3 Qe3 24. Rfe1 Qh6 25. Qxe5 Bb7 26. Qxd4 Ne6 27. Qb6 Nf4+ 28. Kg3 g5
29. Bf1 Rab8 30. Nc5 Qh4+ 31. Kh2 Qf2+ 32. Kh1 Qxf3+ 33. Kh2 Qf2+ 34. Kh1 Qf3+
35. Kh2 Qf2+ 36. Kh1 Qf3+ 1/2-1/2